| 000 | 00733nam a22002417a 4500 | ||
|---|---|---|---|
| 003 | DO-SdBNP | ||
| 005 | 20240304143328.0 | ||
| 007 | ta | ||
| 008 | 110301s2018 dr 000 f spa d | ||
| 020 | _a9789945609332 | ||
| 040 |
_aDO-SdBNP _bspa _cBNPHU |
||
| 082 | 4 |
_aRD863.5 _bP349L _222 |
|
| 100 | 1 |
_aPeña, Stanislaw _974700 |
|
| 245 | 1 | 0 |
_aLágrimas de guerra / _cStanislaw Peña |
| 260 |
_aSanto Domingo : _bSantuario, _c2018. |
||
| 300 |
_a77 p. : _c23 cm. |
||
| 500 | _aIncluye datos biográficos del autor en la solapa de la cubierta | ||
| 590 | _aInventariado, 2022/ YL | ||
| 650 | 4 | _aCuentos dominicanos | |
| 650 | 4 | _aLiteratura dominicana | |
| 910 | _aYLockward/Validado. Control de calidad MFF | ||
| 942 |
_2ddc _cLBS1 |
||
| 999 |
_c51771 _d51771 |
||